| 000 | 01450nam a22002537a 4500 | ||
|---|---|---|---|
| 999 |
_c390230 _d390230 |
||
| 001 | 103816 | ||
| 003 | UA-OsUOA | ||
| 005 | 20230504161333.0 | ||
| 007 | ta | ||
| 008 | 20131120b un ||||| |||| 00| 0 ukr d | ||
| 040 |
_aUA-OsUOA _brus _cUA-OsUOA _dUA-OsUOA |
||
| 041 | _arus | ||
| 080 | _a343.253 | ||
| 090 |
_a343.253 _bМ19 |
||
| 100 | _aМалиновский И. А. | ||
| 245 |
_aРусские писатели-художники о смертной казни _cМалиновский И. А. ; под ред. и с предисловием В. А. Попелюшка |
||
| 260 |
_aОстрог _bОстрожская академия _c2013 |
||
| 300 | _a120 с. | ||
| 520 | _aВ книге изложены художественные изображения смертной казни более 50-ю русскими писателями и поэтами XIX - начала XX века и их единодушная позиция на смертную казнь как меру уголовного наказаний: смертная казнь, не акт правосудия, а убийство - дело варварское, безумное, безгранично жестокое, бесчеловечное. | ||
| 650 | 7 |
_a343 Кримінальне право. Карні порушення _2UDC |
|
| 942 |
_cBK _2udc |
||
| 955 | _a2 | ||